000 00868nam a22002777a 4500
003 CHAP
005 20220329134905.0
008 971013s1984 r 10010 d
010 _a27602
011 _a28574
035 _a32679
040 _cCHAP
082 _a595.7063
_bC64 1984
111 0 0 _aCongresso Brasileiro de Entomología (
_n9
_d: 1984
_c: Londria)
_927170
245 _aResumos
260 _aLondrina :
_bSociedad Entomológica do Brasil,
_c(1984)
300 _a346 p.
590 _aBATCH-UPD
_b10
_c20130110
_lUCH01
_h2314
590 _aBATCH-UPD
_b10
_c20130410
_lUCH01
_h1605
590 _aBATCH-UPD
_b10
_c20130914
_lUCH01
_h1314
590 _aCONVERSION
_b10
_c20130109
_lUCH01
_h1316
650 1 4 _aEntomología
_xCongresos.
_937123
901 _aBK
942 _cLIBRO
949 _a595.7063 C64 1984
_bBC
_cLIBRO
_d33724000370334
_eLIBRO
_h71223
_i32679
_mD
_si
999 _c27602
_d27602